Možnosti eliminácie daňových únikov so zameraním na spotrebné dane diplomová práca

Salvato in:
Dettagli Bibliografici
Autore principale: Gabauerová, Petra
Ente Autore: Fakulta podnikového manažmentu EU. Katedra podnikových financií
Altri autori: Ďurinová, Ivona, 1964-
Natura: Libro
Lingua:slovacco
Pubblicazione: Bratislava 2008
Tags: Aggiungi Tag
Nessun Tag, puoi essere il primo ad aggiungerne!!

MARC

LEADER 00000nam$a2200000$$$4500
001 0088744
005 20240201115657.1
041 0 |a slo 
044 |a SK 
245 1 0 |a Možnosti eliminácie daňových únikov so zameraním na spotrebné dane  |b diplomová práca  |c Petra Gabauerová ; škol. Ivona Ďurinová 
264 1 |a Bratislava  |c 2008 
300 |a 78 s. 
100 1 |a Gabauerová, Petra 
700 1 |a Ďurinová, Ivona, 1964- 
710 2 |a Fakulta podnikového manažmentu EU. Katedra podnikových financií